000 00652pam a2200205 i 4500
020 _a0471058971
082 0 0 _a624.18341
_bFER
100 1 _aFerguson, Phil Moss,
_93514
245 1 0 _aReinforced concrete fundamentals :
_bSI version /
_cPhil M. Ferguson.
250 _a4th ed., metric ed. /
260 _aNew York :
_bWiley,
_c[1981]
300 _ax, 694 p. :
_bill. ;
_c24 cm.
526 _a0
_b0
_c0
_d624_183410000000000_FER
526 _a0
_b0
_c0
_d624_183410000000000_FER
526 _a0
_b0
_c0
_d624_183410000000000_FER
650 0 _aMCE
_9379
650 0 _aReinforced concrete construction.
700 1 _aCowan, Henry J.
_933055
942 _2ddc
_cBK
999 _c546885
_d546885